LEADER 01185nam a2200301 a 4500 001 000000173133 003 CaOOAMICUS 005 20200203120736.0 008 200131t2018 it u000 u ita r 032 $aLibriCat 040 $aPUL$bita 082 04$a341.2 100 1 $aConforti, Benedetto$b1930-2016.$0(OLS)http://pul/name/29601 245 10$aDiritto internazionale /$cBenedetto Conforti; a cura di Massimo Iovane. 250 $a11a ed. 260 $aNapoli :$bEd. scientifica,$c©2018. 300 $aXXVIII, 506 p.;$c24 cm 500 $aContiene indici. 504 $aBibliografia p. [XXVI]-XXVIII. 650 4$aDiritto internazionale$xManuali e compendi.$0(OLS)http://pul/subject/26810 700 1 $aIovane, Massimo.$0(OLS)http://pul/name/111208 850 $aPUL 852 $aPUL$W1$xSL Diritto e Scienze Sociali 3$y79$m341. 2 CONBE 2$j197107$qDDC 21$B201895$CPULBib$Z2$F201895 $H133919 $82 941 1 $a9 996 $6082$a341.2$9(OLS)http://pul/classification/1860 996 $6245$aDiritto internazionale$9(OLS)http://pul/title/54313 996 $6260$aNapoli :$bEd. scientifica$9(OLS)http://pul/publisher/64200 LEADER 01661nam a2200313 a 4500 001 000000175784 003 CaOOAMICUS 005 20230217090825.0 008 230217s2020 be b u000 u eng r 020 $a978-2-503-60059-8* 032 $aLibriCat 040 $aPUL$bita 082 00$a160 110 2 $aSociété Internationale pour l'Étude de la philosophie medievale.$0(OLS)http://pul/name/64383 245 12$aA question of life and death : living and dying in medieval philosophy : $bacts of the 23. Annual Colloquium of the Société Internationale pour l?Étude de la Philosophie Médiévale, Leuven, 11-12 October 2018 / $cedited by Jean-Michel Counet. 260 $aTurnhout :$bBrepols,$c2022. 300 $aXX, 222 p. ;$c24 cm 490 1 $aRencontres de philosophie médiévale ;$v26 504 $aBibliografia in nota. 700 1 $aCounet, Jean-Michel,$d1959-$0(OLS)http://pul/name/40483 830 0$aRencontres de philosophie médiévale ;$v26.$0(OLS)http://pul/title/10570 850 $aPUL 852 $aPUL$W1$xSL Filosofia 1$y2$m87 O 26$j199947$qStampati$B204729$CPULBib$Z2$F204729 $H136111 $82 941 1 $a8 996 $6020$a978-2-503-60059-8*$9(OLS)http://pul/number/169052 996 $6082$a160$9(OLS)http://pul/classification/596 996 $6245$aA question of life and death : living and dying in medieval philosophy : $bacts of the 23. Annual Colloquium of the Société Internationale pour l?Étude de la Philosophie Médiévale, Leuven, 11-12 October 2018 / $9(OLS)http://pul/title/217243 996 $6260$aTurnhout :$bBrepols$9(OLS)http://pul/publisher/47850